Discursos leídos ante la Real Academia Española en la recepción pública del Excelentísimo Señor Don Antonio Cánovas del Castillo, el día 3 de noviembre de 1867. (Registro nro. 157011)
[ vista simple ]
| 000 -LEADER | |
|---|---|
| campo de control de longitud fija | 00958nam a2200229 i 4500 |
| 001 - NÚMERO DE CONTROL | |
| campo de control | 157011 |
| 003 - IDENTIFICADOR DE NÚMERO DE CONTROL | |
| campo de control | ES-MaACL |
| 005 - FECHA Y HORA DE LA ÚLTIMA TRANSACCIÓN | |
| campo de control | 20250815150255.0 |
| 008 - DATOS DE LONGITUD FIJA--INFORMACIÓN GENERAL | |
| campo de control de longitud fija | 180109s1867 sp |||| |bspa d |
| 245 00 - MENCIÓN DEL TÍTULO | |
| Título | Discursos leídos ante la Real Academia Española en la recepción pública del Excelentísimo Señor Don Antonio Cánovas del Castillo, el día 3 de noviembre de 1867. |
| 260 ## - PUBLICACIÓN, DISTRIBUCIÓN, ETC. | |
| Lugar de publicación, distribución, etc. | Madrid : |
| Nombre del editor, distribuidor, etc. | [s.n.], |
| Fecha de publicación, distribución, etc. | 1867 ( |
| Fabricante | Imp. y Estereotipia de M. Rivadeneyra) |
| 300 ## - DESCRIPCIÓN FÍSICA | |
| Extensión | 89 p. ; |
| Dimensiones | 25 cm. |
| 594 ## - Nota al título y mención de responsabilidad | |
| Nota al título y mención de responsabilidad | Recoge los discursos de ingreso de Antonio Cánovas del Castillo y el de contestación de Juan Valera. |
| 594 ## - Nota al título y mención de responsabilidad | |
| Nota al título y mención de responsabilidad | Tema: La libertad en la palabra. |
| 650 #4 - PUNTO DE ACCESO ADICIONAL DE MATERIA--TÉRMINO DE MATERIA | |
| Término de materia o nombre geográfico como elemento de entrada | Estética. |
| 9 (RLIN) | 142387 |
| 650 #7 - PUNTO DE ACCESO ADICIONAL DE MATERIA--TÉRMINO DE MATERIA | |
| Término de materia o nombre geográfico como elemento de entrada | Estética literaria |
| Fuente del encabezamiento o término | embne |
| 9 (RLIN) | 12544 |
| 700 1# - ENTRADA AGREGADA--NOMBRE PERSONAL | |
| Nombre de persona | Cánovas del Castillo, Antonio, |
| Fechas asociadas al nombre | 1828-1897 |
| 9 (RLIN) | 34600 |
| 700 1# - ENTRADA AGREGADA--NOMBRE PERSONAL | |
| Nombre de persona | Valera, Juan, |
| Fechas asociadas al nombre | 1824-1905 |
| 9 (RLIN) | 112638 |
| 710 2# - ENTRADA AGREGADA--NOMBRE DE ENTIDAD CORPORATIVA | |
| Nombre de entidad corporativa o nombre de jurisdicción como elemento de entrada | Real Academia Española |
| 9 (RLIN) | 6336 |
| 852 ## - LOCALIZACIÓN | |
| Ubicación | ES-MaACL |
| Número de control de estantería | K-142(2) |
| Estatus retirado | Estado de pérdida | Estado de daño | No para préstamo | Colección | Biblioteca de origen | Biblioteca actual | Ubicación en estantería | Fecha de adquisición | Fuente de adquisición | Total de préstamos | Signatura topográfica completa | Código de barras | Visto por última vez | Precio de reemplazo | Tipo de ítem Koha |
|---|---|---|---|---|---|---|---|---|---|---|---|---|---|---|---|
| Libros del s. XIX | Biblioteca del Ateneo de Madrid | Biblioteca del Ateneo de Madrid | Administración | 09/01/2018 | K-142(2) | 1198230 | 23/02/2023 | 23/02/2023 | Libro impreso antiguo |
